Aide médico-psychologique : des catalyseurs de l'invisible (notice n° 1640803)
[ vue normale ]
| 000 -LEADER | |
|---|---|
| fixed length control field | 01082cam a2200241 4500500 |
| 005 - DATE AND TIME OF LATEST TRANSACTION | |
| control field | 20260201094946.0 |
| 041 ## - LANGUAGE CODE | |
| Language code of text/sound track or separate title | fre |
| 042 ## - AUTHENTICATION CODE | |
| Authentication code | dc |
| 100 10 - MAIN ENTRY--PERSONAL NAME | |
| Personal name | Poujoulet, Marie-Claude |
| Relator term | author |
| 245 00 - TITLE STATEMENT | |
| Title | Aide médico-psychologique : des catalyseurs de l'invisible |
| 260 ## - PUBLICATION, DISTRIBUTION, ETC. | |
| Date of publication, distribution, etc. | 2008.<br/> |
| 500 ## - GENERAL NOTE | |
| General note | 85 |
| 520 ## - SUMMARY, ETC. | |
| Summary, etc. | RésuméLe métier d’ amp est méconnu. La réforme du diplôme se profile comme une chance de reconnaissance à condition que les compétences professionnelles désormais repérées, concourent à mettre en œuvre le principe d’humanité servant à perpétuer ou à restaurer en l’autre sa part singulière d’appartenance à l’humain. |
| 690 ## - LOCAL SUBJECT ADDED ENTRY--TOPICAL TERM (OCLC, RLIN) | |
| Topical term or geographic name as entry element | catalyseur de l'invisible |
| 690 ## - LOCAL SUBJECT ADDED ENTRY--TOPICAL TERM (OCLC, RLIN) | |
| Topical term or geographic name as entry element | compétences professionnelles |
| 690 ## - LOCAL SUBJECT ADDED ENTRY--TOPICAL TERM (OCLC, RLIN) | |
| Topical term or geographic name as entry element | dignité |
| 690 ## - LOCAL SUBJECT ADDED ENTRY--TOPICAL TERM (OCLC, RLIN) | |
| Topical term or geographic name as entry element | principes d'humanité |
| 690 ## - LOCAL SUBJECT ADDED ENTRY--TOPICAL TERM (OCLC, RLIN) | |
| Topical term or geographic name as entry element | réforme du diplôme |
| 690 ## - LOCAL SUBJECT ADDED ENTRY--TOPICAL TERM (OCLC, RLIN) | |
| Topical term or geographic name as entry element | sentinelle de la souffrance |
| 690 ## - LOCAL SUBJECT ADDED ENTRY--TOPICAL TERM (OCLC, RLIN) | |
| Topical term or geographic name as entry element | sigle amp |
| 786 0# - DATA SOURCE ENTRY | |
| Note | Empan | 70 | 2 | 2008-08-19 | p. 15-18 | 1152-3336 |
| 856 41 - ELECTRONIC LOCATION AND ACCESS | |
| Uniform Resource Identifier | <a href="https://shs.cairn.info/revue-empan-2008-2-page-15?lang=fr&redirect-ssocas=7080">https://shs.cairn.info/revue-empan-2008-2-page-15?lang=fr&redirect-ssocas=7080</a> |
Pas d'exemplaire disponible.




Réseaux sociaux